000
00258nam a2200109Ia 4500
008
190216s9999||||xx |||||||||||||| ||und||
100
_a
Jain Sp And Narag K L
245
0
_a
Cost And Management Accounting
260
_b
Null
_c
2001
300
_a
537p
942
_c
BK
999
_c
6289
_d
6289